Welcome to the Holygrace Academy Library

Please use search bar below to get started

AMBEYYUM THAMBUVUM NJANUM MATTUM (Record no. 5597)

MARC details
000 -LEADER
fixed length control field 00306nam a22001337a 4500
082 ## - DEWEY DECIMAL CLASSIFICATION NUMBER
Classification number 894.812
Item number PAN/A
100 ## - MAIN ENTRY--AUTHOR NAME
Personal name PANIKKAR, G.N
245 ## - TITLE STATEMENT
Title AMBEYYUM THAMBUVUM NJANUM MATTUM
260 ## - PUBLICATION, DISTRIBUTION, ETC. (IMPRINT)
Place of publication THRIVANANTHAPURAM
Name of publisher PRABATH BOOK HOUSE
Year of publication 1999
300 ## - PHYSICAL DESCRIPTION
Number of Pages 112
520 ## - SUMMARY, ETC.
Summary, etc NOVEL
650 ## - SUBJECT ADDED ENTRY--TOPICAL TERM
Topical Term NOVEL
942 ## - ADDED ENTRY ELEMENTS (KOHA)
Koha item type Books
Holdings
Withdrawn status Lost status Collection code Home library Current library Shelving location Date acquired Source of acquisition Cost, normal purchase price Full call number Accession Number Koha item type
    Fiction Main Library Main Library SHELF-16L- MALAYALAM BIOGRAPHY,STUDIES/CRITICISM 06/05/2006 Purchase 50.00 894.812 PAN/A 02343 Books